LEADER 01937oam 2200481M 450 001 9910716501003321 005 20200213070902.8 035 $a(CKB)5470000002521130 035 $a(OCoLC)1065593185 035 $a(OCoLC)995470000002521130 035 $a(EXLCZ)995470000002521130 100 $a20071213d1927 ua 0 101 0 $aeng 135 $aurcn||||||||| 181 $ctxt$2rdacontent 182 $cc$2rdamedia 183 $acr$2rdacarrier 200 10$aTo authorize the Secretary of the Interior to expend certain Indian tribal funds for industrial purposes. February 3, 1927. -- Committed to the Committee of the Whole House on the State of the Union and ordered to be printed 210 1$a[Washington, D.C.] :$c[U.S. Government Printing Office],$d1927. 215 $a1 online resource (2 pages) $ctables 225 1 $aHouse report / 69th Congress, 2nd session. House ;$vno. 1970 225 1 $a[United States congressional serial set] ;$v[serial no. 8689] 300 $aBatch processed record: Metadata reviewed, not verified. Some fields updated by batch processes. 300 $aFDLP item number not assigned. 606 $aCredit 606 $aFinance, Public 606 $aTribal trust funds 607 $aUnited States$xAppropriations and expenditures 608 $aLegislative materials.$2lcgft 615 0$aCredit. 615 0$aFinance, Public. 615 0$aTribal trust funds. 701 $aLeavitt$b Scott$f1879-1966$pRepublican (MT)$01388436 801 0$bWYU 801 1$bWYU 801 2$bOCLCO 801 2$bOCLCQ 801 2$bOCLCO 801 2$bOCLCQ 906 $aBOOK 912 $a9910716501003321 996 $aTo authorize the Secretary of the Interior to expend certain Indian tribal funds for industrial purposes. February 3, 1927. -- Committed to the Committee of the Whole House on the State of the Union and ordered to be printed$93462937 997 $aUNINA